000 00982nam a2200265Ia 4500
003 OSt
005 20221005110858.0
006 a|||||r|||| 00| 0
007 ta
008 221004b |||||||| |||| 00| 0 hin d
020 _a9788126719556 (hbk)
_c200
024 _a12102
037 _bBR8176, 20/03/2014, Rajkamal Prakashan Pvt. Ltd.
_cTextual
040 _aCRL
_cCRL
_bhin
041 _2hin
_ahin
082 _aO152,3N493,RL, Q0
100 _aअब्दुल बिस्मिल्लाह
245 0 _aरावी लिखता है
246 _aRāvī likhatā hai
260 _aनई दिल्ली
_bराजकमल प्रकाशन भारत
_c2010
300 _a142पृ0
_ccm.
650 _aहिन्दी साहित्य
942 _hO152,3N493,RL, Q0
_cTEXL
_2cc
999 _c1020161
_d1020161